NFL Football Players - Statistics

General Stats
  • This quiz has been taken 23 times
  • The average score is 2 of 10
Answer Stats
Hint Answer % Correct
Most Career Passing Yards Tom Brady
100%
Most Career Rushing Yards Emmitt Smith
43%
Most Sacks in a Single Game Derrick Thomas
10%
Most Money Fined in a NFL Career Deshaun Watson
5%
Shortest Player in NFL History Jack Shapiro
5%
First Draft Pick in NFL History Jay Berwanger
5%
Most Interceptions Thrown in a Game Jim Hardy
5%
Most Tackles in a Game Luke Kuechly or David Harris
5%
Most Times Sacked in a Single Game Warren Moon or Donovan McNabb
5%
Shortest Career for a NFL Player Ryan Sutter
0%
No matching quizzes found
Score Distribution
Percent of People with Each Score
Percentile by Number Answered
Your Score History
You have not taken this quiz